Größte Städte Europas - Bilderquiz - Statistiken

Allgemein
  • Dieses Quiz wurde 159 mal gespielt
  • Das Durchschnittsergebnis liegt bei 12 aus 32
Antwortstatistiken
Bildquiz Antwort % Korrekt
Rom
100%
London
99%
Berlin
94%
Moskau
89%
Istanbul
87%
Paris
86%
München
85%
Köln
84%
Barcelona
81%
Hamburg
72%
Budapest
61%
Prag
58%
Mailand
54%
Madrid
29%
Kiew
28%
Wien
25%
Sofia
17%
Sankt Petersburg
14%
Warschau
12%
Bukarest
10%
Belgrad
9%
Birmingham
7%
Minsk
7%
Odessa
7%
Charkiw
5%
Nischni Nowgorod
4%
Perm
3%
Ufa
3%
Kasan
2%
Rostow am Don
2%
Samara
2%
Woronesch
1%
Keine übereinstimmenden Quizze gefunden
Verteilung der Resultate
Anzahl Personen mit jedem Resultat
Perzentil nach korrekt beantworteten Fragen
Ihre Resultats-Entwicklung
Sie haben dieses Quiz noch nicht gespielt